[Event "COL-ch U20"]
[Site "Tolima"]
[Date "2020.02.14"]
[Round "4"]
[White "Molina Rojas, Andrey Felipe"]
[Black "Cifuentes Camacho, Miguel Angel"]
[Result "1-0"]
[WhiteElo "1146"]
[BlackElo "1191"]
[PlyCount "95"]
[EventDate "2020.02.12"]
[EventType "swiss"]
[EventRounds "7"]
[EventCountry "COL"]
[SourceTitle "CBM 195 Extra"]
[Source "ChessBase"]
[SourceDate "2020.05.31"]
[SourceVersion "1"]
[SourceVersionDate "2020.05.31"]
[SourceQuality "1"]

1. e4 e5 2. Nf3 Nc6 3. d4 exd4 4. Nxd4 Nxd4 5. Qxd4 d6 6. Nc3 Nf6 7. Bf4 Be7 8. 0-0-0 0-0 9. Bc4 Bg4 10. f3 Be6 11. Nd5 Nxd5 12. Bxd5 Bg5 13. Qe3 Bxf4 14. Qxf4 Bxd5 15. Rxd5 Qf6 16. Qxf6 gxf6 17. h4 Rfe8 18. Rf5 Re6 19. Rd1 c5 20. Rfd5 Rd8 21. R1d3 Kf8 22. Rxc5 Re7 23. Rcd5 Red7 24. f4 Kg7 25. e5 f5 26. Rxd6 Rxd6 27. Rxd6 Rxd6 28. exd6 Kf6 29. c4 Ke6 30. c5 b6 31. b4 h5 32. Kc2 f6 33. Kc3 b5 34. Kb3 Kd7 35. a4 a6 36. axb5 axb5 37. Kc3 Kc6 38. Kd4 Kd7 39. Kd5 Ke8 40. Ke6 Kd8 41. d7 Kc7 42. Ke7 Kc6 43. d8Q Kb7 44. Qb6+ Kc8 45. Qc6+ Kb8 46. Qd7 Ka8 47. c6 Kb8 48. Qb7# 1-0

[Event "COL-ch U18 sf1"]
[Site "Ibague"]
[Date "2019.04.06"]
[Round "4.8"]
[White "Almanza Avila, Nataly"]
[Black "Molina Rojas, Andrey Felipe"]
[Result "1-0"]
[WhiteElo "1371"]
[BlackElo "1423"]
[PlyCount "55"]
[EventDate "2019.04.04"]
[EventType "tourn"]
[EventRounds "6"]
[EventCountry "COL"]
[SourceTitle "EXT 2024"]
[Source "ChessBase"]
[SourceDate "2023.10.10"]
[SourceVersion "1"]
[SourceVersionDate "2023.10.10"]
[SourceQuality "1"]

1. d4 d5 2. c4 e6 3. Nc3 Nf6 4. Bf4 b6 5. e3 Bd6 6. Bg3 Bxg3 7. hxg3 c5 8. Nf3 Bb7 9. dxc5 bxc5 10. Bd3 g6 11. cxd5 Nxd5 12. Bb5+ Ke7 13. Qd2 h5 14. 0-0-0 Qb6 15. e4 Nxc3 16. Qxc3 Re8 17. Bxe8 Kxe8 18. Qh8+ Ke7 19. e5 Nd7 20. Qg7 Rb8 21. Rd6 Qb5 22. Ng5 Bxg2 23. Qxf7+ Kd8 24. Nxe6+ Kc8 25. Qe8+ Kb7 26. Qxd7+ Qxd7 27. Rxd7+ Kc8 28. Rc7# 1-0